MARC

LEADER 00000nam0a2200000 4500
001 333154
005 20231102004527.0
020 |a RU 
035 |a (RuTPU)RU\TPU\book\359149 
035 |a RU\TPU\book\359142 
090 |a 333154 
100 |a 20170607d1980 k y0rusy5003 ca 
101 0 |a rus 
102 |a RU 
105 |a a z 001zy 
200 1 |a Палеогеоморфологические методы в нефтяной геологии  |e [сборник трудов]  |f Всесоюзный научно-исследовательский геологоразведочный нефтяной институт (ВНИГНИ) ; под ред. Л. Н. Смирнова, М. В. Проничевой, Ю. В. Пашкова 
210 |a Москва  |c Изд-во ВНИГНИ  |d 1980 
215 |a 196 с.  |c ил. 
225 1 |a Труды Всесоюзного научно-исследовательского геологоразведочного нефтяного института (ВНИГНИ)  |v Вып. 216 
320 |a Библиография в конце статей 
606 1 |a Нефтяные месторождения  |x Поиски и разведка  |x Геоморфологический метод  |2 stltpush  |3 (RuTPU)RU\TPU\subj\45960  |9 65149 
610 1 |a палеорельефы 
610 1 |a геологические условия 
610 1 |a стратиграфические уровни 
610 1 |a ловушки 
610 1 |a рельефообразование 
610 1 |a стадии 
610 1 |a карты 
610 1 |a геофизика 
675 |a 553.982:550.81  |v 3 
702 1 |a Смирнов  |b Л. Н.  |4 340 
702 1 |a Проничева  |b М. В.  |4 340 
702 1 |a Пашков  |b Ю. В.  |4 340 
712 0 2 |a Всесоюзный научно-исследовательский геологоразведочный нефтяной институт (ВНИГНИ)  |2 stltpush  |3 (RuTPU)RU\TPU\col\18350 
801 0 |a RU  |b 63413507  |c 19950704  |g psbo 
801 1 |a RU  |b 63413507  |c 20150925 
801 2 |a RU  |b 63413507  |c 20170608  |g RCR 
942 |c BK